000 00517nam a2200217Ia 4500
003 OSt
005 20220923230919.0
006 a|||||r|||| 00| 0
007 ta
008 Pun
024 _a306,399
037 _cTextual
040 _aARTS
_cARTS
_bPun
041 _2Pun
_aPun
082 _aO153,6NPAx, M9
100 _aਪਰਵਾਨਾ
245 0 _aਰੂਪ ਦੀ ਪਰਕਰਮਾ
260 _c1989
942 _hO153,6NPAx, M9
_cTEXL
_2CC
999 _c388185
_d388185